[Event "25. Copenhagen Open  (Politiken Cup)"]
[Site "Copenhagen"]
[Date "2003.07.25"]
[Round "11"]
[White "Andersen, Kaare Vissing"]
[Black "Christensen, Janus"]
[Result "1/2-1/2"]
[WhiteElo "2245"]
[BlackElo "1951"]
[PlyCount "49"]
[EventDate "2003.07.14"]
[EventType "swiss"]
[EventRounds "11"]
[EventCountry "DEN"]
[SourceDate "2004.01.01"]

1. Nf3 c5 2. e4 d6 3. d3 Nc6 4. g3 Bg4 5. Bg2 Qd7 6. h3 Bxf3 7. Qxf3 g6 8. c3
Bg7 9. O-O Nf6 10. Be3 O-O 11. Nd2 b5 12. d4 cxd4 13. cxd4 Rfc8 14. Qe2 Rab8
15. a3 Ne8 16. Nb3 e6 17. f4 Qd8 18. e5 Na5 19. Nxa5 Qxa5 20. Kh1 Rc4 21. b3
Rc7 22. g4 Rbc8 23. Be4 Qc3 24. Rab1 Qa5 25. Ra1 1/2-1/2

[Event "25. Copenhagen Open  (Politiken Cup)"]
[Site "Copenhagen"]
[Date "2003.07.25"]
[Round "11"]
[White "Baark, Mathias"]
[Black "Nordfjord, Sverrir"]
[Result "1-0"]
[WhiteElo "1800"]
[BlackElo "2057"]
[PlyCount "43"]
[EventDate "2003.07.14"]
[EventType "swiss"]
[EventRounds "11"]
[EventCountry "DEN"]
[SourceDate "2004.01.01"]

1. f4 e5 2. fxe5 d6 3. Nf3 dxe5 4. e4 Bc5 5. Nc3 Bg4 6. Bb5+ c6 7. Bc4 Nd7 8.
d3 Ne7 9. Bxf7+ Kf8 10. Bb3 Ng6 11. h3 Bxf3 12. Qxf3+ Nf6 13. Bg5 h6 14. Bxf6
gxf6 15. Ne2 Kg7 16. Ng3 Be7 17. Nf5+ Kh7 18. g3 Bf8 19. Qh5 Bg7 20. Bf7 Nf8
21. Qg4 Qa5+ 22. c3 1-0

[Event "25. Copenhagen Open  (Politiken Cup)"]
[Site "Copenhagen"]
[Date "2003.07.25"]
[Round "11"]
[White "Bekker Jensen, Dorte"]
[Black "Pedersen, Steen"]
[Result "1/2-1/2"]
[WhiteElo "1593"]
[BlackElo "1865"]
[PlyCount "49"]
[EventDate "2003.07.14"]
[EventType "swiss"]
[EventRounds "11"]
[EventCountry "DEN"]
[SourceDate "2004.01.01"]

1. d4 d5 2. c4 e6 3. Nc3 Nf6 4. cxd5 exd5 5. Bg5 Be7 6. e3 O-O 7. Qc2 c6 8. Bd3
h6 9. Bh4 Re8 10. Nf3 Nbd7 11. h3 a5 12. O-O Ne4 13. Bxe7 Qxe7 14. Rab1 Ndf6
15. a3 Bf5 16. Ne5 Nd7 17. Nxd7 Qxd7 18. Na4 Qe6 19. Nc5 Qc8 20. Rfe1 Nd6 21.
Bxf5 Nxf5 22. Nxb7 Nxd4 23. exd4 Qxb7 24. Rbc1 Re4 25. Qd2 1/2-1/2

[Event "25. Copenhagen Open  (Politiken Cup)"]
[Site "Copenhagen"]
[Date "2003.07.25"]
[Round "11"]
[White "Bering, Anders"]
[Black "Salomonsen, Rune"]
[Result "0-1"]
[WhiteElo "2101"]
[BlackElo "1691"]
[PlyCount "70"]
[EventDate "2003.07.14"]
[EventType "swiss"]
[EventRounds "11"]
[EventCountry "DEN"]
[SourceDate "2004.01.01"]

1. e4 c5 2. Nf3 e6 3. d4 cxd4 4. Nxd4 Nc6 5. Nc3 Qc7 6. Be2 a6 7. O-O Nf6 8.
Be3 Bb4 9. Na4 O-O 10. Nxc6 bxc6 11. Qd4 Bd6 12. g3 Rb8 13. Qd3 c5 14. c4 Qc6
15. b3 Nxe4 16. Bf3 f5 17. Rfe1 Qc7 18. Rad1 Be7 19. Bf4 d6 20. Bxe4 fxe4 21.
Qxe4 e5 22. Qd5+ Rf7 23. Bc1 Bg4 24. Rd3 Rbf8 25. Nc3 Kh8 26. Rd2 Qc8 27. Qg2
Qf5 28. Nd5 Bg5 29. Rb2 Bxc1 30. Rxc1 Bf3 31. Ne3 Qg5 32. Qf1 Rf6 33. Ng2 Rh6
34. Ne3 Rff6 35. b4 Rxh2 0-1

[Event "25. Copenhagen Open  (Politiken Cup)"]
[Site "Copenhagen"]
[Date "2003.07.25"]
[Round "11"]
[White "Brinck Claussen, Bjorn"]
[Black "Olsson, Linus"]
[Result "1/2-1/2"]
[WhiteElo "2355"]
[BlackElo "2244"]
[PlyCount "63"]
[EventDate "2003.07.14"]
[EventType "swiss"]
[EventRounds "11"]
[EventCountry "DEN"]
[SourceDate "2004.01.01"]

1. e4 c5 2. Nf3 d6 3. d4 cxd4 4. Nxd4 Nf6 5. Nc3 a6 6. Bg5 e6 7. f4 Be7 8. Qf3
Qa5 9. O-O-O Bd7 10. e5 dxe5 11. fxe5 Nc6 12. Nxc6 Bxc6 13. Qg3 Nh5 14. Qh4
Bxg5+ 15. Qxg5 g6 16. Be2 f6 17. Qh6 Qxe5 18. Bxh5 gxh5 19. Rhe1 Qg5+ 20. Qxg5
fxg5 21. Rxe6+ Kf7 22. Re5 Kf6 23. Rc5 Rad8 24. Nd5+ Bxd5 25. Rdxd5 Rxd5 26.
Rxd5 Re8 27. Kd2 Re4 28. h3 h4 29. b3 h5 30. a4 Rf4 31. Ke2 Re4+ 32. Kd2
1/2-1/2

[Event "25. Copenhagen Open  (Politiken Cup)"]
[Site "Copenhagen"]
[Date "2003.07.25"]
[Round "11"]
[White "Brondum, Eric"]
[Black "Nyysti, Sampsa"]
[Result "1/2-1/2"]
[WhiteElo "2198"]
[BlackElo "2399"]
[PlyCount "92"]
[EventDate "2003.07.14"]
[EventType "swiss"]
[EventRounds "11"]
[EventCountry "DEN"]
[SourceDate "2004.01.01"]

1. d4 Nf6 2. c4 g6 3. Nc3 d5 4. Nf3 Bg7 5. Bg5 Ne4 6. cxd5 Nxg5 7. Nxg5 e6 8.
Qd2 exd5 9. Qe3+ Kf8 10. Qf4 Bf6 11. h4 h6 12. Nf3 Kg7 13. e4 dxe4 14. Nxe4 Bf5
15. Be2 Re8 16. Ng3 Bd3 17. Kf1 Bxe2+ 18. Nxe2 Nc6 19. g4 Qd6 20. Qxd6 cxd6 21.
g5 Bd8 22. gxh6+ Kxh6 23. h5 Kg7 24. hxg6 fxg6 25. d5 Ne5 26. Nfd4 Bb6 27. Ne6+
Kf6 28. Ng3 Rh8 29. Kg2 Nd3 30. f4 Nxb2 31. Ne4+ Ke7 32. Rxh8 Rxh8 33. Rb1 Nc4
34. N6g5 Ne3+ 35. Kf3 Nf5 36. a4 Rb8 37. Rh1 Bd4 38. Rh7+ Bg7 39. Ne6 Rh8 40.
Rxg7+ Nxg7 41. Nxg7 Rh3+ 42. Ng3 Rh7 43. Ne6 Rh2 44. f5 gxf5 45. Nxf5+ Kd7 46.
Nf8+ Ke8 1/2-1/2

[Event "25. Copenhagen Open  (Politiken Cup)"]
[Site "Copenhagen"]
[Date "2003.07.25"]
[Round "11"]
[White "Brondum, Jan Kraul"]
[Black "Christensen, Jens"]
[Result "1/2-1/2"]
[WhiteElo "1569"]
[BlackElo "1300"]
[PlyCount "71"]
[EventDate "2003.07.14"]
[EventType "swiss"]
[EventRounds "11"]
[EventCountry "DEN"]
[SourceDate "2004.01.01"]

1. c4 e5 2. Nc3 Nf6 3. d3 Be7 4. Nf3 Nc6 5. g3 d6 6. Bg2 O-O 7. O-O Bg4 8. a3
a5 9. Bg5 Qd7 10. e3 h6 11. Bxf6 Bxf6 12. Ne4 Bd8 13. b4 Ne7 14. Nc3 c6 15. d4
Bc7 16. dxe5 dxe5 17. Qc2 Qe6 18. Ne4 Bf5 19. Nfd2 axb4 20. axb4 Bd6 21. Qc3
Rfd8 22. Nb3 Bxe4 23. Bxe4 f5 24. Bg2 Ng6 25. b5 e4 26. Nd4 Qf6 27. Qb3 c5 28.
Rxa8 Rxa8 29. Ne2 Ra1 30. Nc3 Rxf1+ 31. Bxf1 Ne7 32. Qa3 Qe6 33. Qa8+ Qc8 34.
Qa2 Qd8 35. Qd2 Bc7 36. Qxd8+ 1/2-1/2

[Event "25. Copenhagen Open  (Politiken Cup)"]
[Site "Copenhagen"]
[Date "2003.07.25"]
[Round "11"]
[White "Bohlke, Christian"]
[Black "Bjerke, Silje"]
[Result "1/2-1/2"]
[WhiteElo "2205"]
[BlackElo "2093"]
[PlyCount "47"]
[EventDate "2003.07.14"]
[EventType "swiss"]
[EventRounds "11"]
[EventCountry "DEN"]
[SourceDate "2004.01.01"]

1. e4 e6 2. d4 d5 3. e5 c5 4. c3 Qb6 5. Nf3 Nc6 6. a3 Nh6 7. b4 cxd4 8. cxd4
Nf5 9. Bb2 Bd7 10. g4 Nh6 11. h3 Be7 12. Bd3 O-O 13. Nc3 f6 14. b5 Nxd4 15.
Nxd4 fxe5 16. Na4 Qa5+ 17. Bc3 Qc7 18. Nb3 e4 19. Be2 Bh4 20. Bd4 Qf4 21. O-O
e3 22. Bxe3 Qxa4 23. Nc5 Qxd1 24. Raxd1 1/2-1/2

[Event "25. Copenhagen Open  (Politiken Cup)"]
[Site "Copenhagen"]
[Date "2003.07.25"]
[Round "11"]
[White "Christensen, Henrik"]
[Black "Forsmann, Henning"]
[Result "1/2-1/2"]
[WhiteElo "1802"]
[BlackElo "1575"]
[PlyCount "99"]
[EventDate "2003.07.14"]
[EventType "swiss"]
[EventRounds "11"]
[EventCountry "DEN"]
[SourceDate "2004.01.01"]

1. e4 c5 2. Nc3 Nc6 3. f4 d6 4. Nf3 Nf6 5. Bb5 Bd7 6. d3 a6 7. Bxc6 Bxc6 8. O-O
e6 9. Qe1 Qb6 10. e5 dxe5 11. fxe5 Bxf3 12. exf6 Bh5 13. Qe5 g6 14. Nd5 Qc6 15.
Nc7+ Kd7 16. Nxa8 Bd6 17. Qe4 Rxa8 18. Qxc6+ Kxc6 19. h3 g5 20. Bxg5 Rg8 21.
Bf4 e5 22. Bh2 b5 23. Rae1 Re8 24. c3 Kd5 25. Re3 Bg6 26. Rfe1 Re6 27. g4 h6
28. h4 h5 29. g5 a5 30. Kf2 Bc7 31. d4 cxd4 32. cxd4 Bb6 33. Rxe5+ Rxe5 34.
Rxe5+ Kc4 35. Re8 Bxd4+ 36. Kf3 Bxb2 37. Bd6 b4 38. Rg8 Bb1 39. Rh8 Bxa2 40.
Rxh5 Kd3 41. Rh8 Bd5+ 42. Kg3 Bc3 43. Rb8 b3 44. h5 Be1+ 45. Kf4 Bd2+ 46. Ke5
Be6 47. g6 Bc3+ 48. Kf4 Bxf6 49. Be5 fxg6 50. Bxf6 1/2-1/2

[Event "25. Copenhagen Open  (Politiken Cup)"]
[Site "Copenhagen"]
[Date "2003.07.25"]
[Round "11"]
[White "Christensen, Stefan"]
[Black "Hector, Jonny"]
[Result "0-1"]
[WhiteElo "2221"]
[BlackElo "2538"]
[PlyCount "64"]
[EventDate "2003.07.14"]
[EventType "swiss"]
[EventRounds "11"]
[EventCountry "DEN"]
[SourceDate "2004.01.01"]

1. e4 e5 2. Nf3 Nc6 3. Bb5 a6 4. Ba4 Nf6 5. d4 exd4 6. O-O Be7 7. e5 Ne4 8.
Nxd4 O-O 9. Nf5 d5 10. Bxc6 bxc6 11. Nxe7+ Qxe7 12. Re1 Re8 13. f3 Nd6 14. Bf4
h6 15. Nc3 Nf5 16. Qd2 Be6 17. a3 Rab8 18. Rab1 a5 19. Qf2 c5 20. h3 d4 21. Ne4
Ba2 22. Ra1 Rxb2 23. g4 Ne3 24. Bxe3 dxe3 25. Rxe3 Bb1 26. Nc3 Rxc2 27. Qe1 Qg5
28. Nxb1 Rd8 29. Nc3 Qf4 30. Kf1 Rdd2 31. Ne4 Rg2 32. Nf2 Qh2 0-1

[Event "25. Copenhagen Open  (Politiken Cup)"]
[Site "Copenhagen"]
[Date "2003.07.25"]
[Round "11"]
[White "Christensen, Tobias"]
[Black "Mortensen, Erling"]
[Result "1-0"]
[WhiteElo "2371"]
[BlackElo "2445"]
[PlyCount "135"]
[EventDate "2003.07.14"]
[EventType "swiss"]
[EventRounds "11"]
[EventCountry "DEN"]
[SourceDate "2004.01.01"]

1. d4 Nf6 2. c4 g6 3. Nc3 Bg7 4. e4 d6 5. f3 O-O 6. Be3 c5 7. Nge2 Nc6 8. Qd2
cxd4 9. Nxd4 Nxd4 10. Bxd4 Be6 11. Nd5 Bxd5 12. exd5 Nd7 13. Bxg7 Kxg7 14. h4
Nf6 15. Bd3 e5 16. dxe6 fxe6 17. O-O-O Rc8 18. Kb1 Qb6 19. Rhe1 e5 20. g4 Rc5
21. h5 gxh5 22. gxh5 Kh8 23. Rg1 Qd8 24. Rg2 Rg8 25. Rdg1 Rxg2 26. Qxg2 Qf8 27.
Qh3 e4 28. Bxe4 Rxh5 29. Qg2 b6 30. Bd3 Re5 31. Qd2 Re7 32. Rd1 Nd7 33. Be4 Re6
34. Qh2 Rh6 35. Qg3 Nc5 36. Bc2 Qg7 37. Qxg7+ Kxg7 38. b4 Nd7 39. f4 Rf6 40.
Rg1+ Kh8 41. Rg4 Rf7 42. Kb2 Nf6 43. Rg5 Ne8 44. Rf5 Rxf5 45. Bxf5 Kg7 46. Kc3
h5 47. Bh3 Kf6 48. Kd4 Nc7 49. f5 h4 50. a3 a5 51. bxa5 bxa5 52. a4 Na6 53. Kd5
Nc5 54. Kxd6 Nxa4 55. c5 Nc3 56. c6 a4 57. Kc5 a3 58. c7 a2 59. c8=Q a1=Q 60.
Qf8+ Kg5 61. Qe7+ Kf4 62. Qxh4+ Kf3 63. Qg4+ Ke3 64. Qd4+ Ke2 65. Bg4+ Kf1 66.
Kc4 Kg2 67. Qd2+ Kg1 68. Qe3+ 1-0

[Event "25. Copenhagen Open  (Politiken Cup)"]
[Site "Copenhagen"]
[Date "2003.07.25"]
[Round "11"]
[White "Christoffersen, Ebbe"]
[Black "Pedersen, Kaj Vinding"]
[Result "1-0"]
[WhiteElo "1737"]
[BlackElo "1553"]
[PlyCount "147"]
[EventDate "2003.07.14"]
[EventType "swiss"]
[EventRounds "11"]
[EventCountry "DEN"]
[SourceDate "2004.01.01"]

1. e4 Nf6 2. e5 Nd5 3. d4 d6 4. Nf3 Bg4 5. Be2 e6 6. O-O Be7 7. c4 Nb6 8. Nc3
O-O 9. b3 Nc6 10. exd6 cxd6 11. Bf4 Bf6 12. Be3 g6 13. Rc1 Rc8 14. h3 Bxf3 15.
Bxf3 d5 16. c5 Nd7 17. a3 Nxc5 18. dxc5 d4 19. Bh6 dxc3 20. Bxf8 Qxd1 21. Rfxd1
Kxf8 22. b4 Nd4 23. Rd3 Nxf3+ 24. Rxf3 Bg7 25. Rd3 Ke7 26. Kf1 b6 27. cxb6 axb6
28. Ke2 b5 29. Rc2 Rc4 30. Kd1 h5 31. Re2 Rc7 32. Kc2 Bf6 33. Re1 Kf8 34. Red1
Ra7 35. Kb3 Rc7 36. f3 Ke7 37. Kc2 Ra7 38. Ra1 Bg7 39. Kb3 Rc7 40. Ra2 Ra7 41.
Rd1 Bf6 42. a4 bxa4+ 43. Rxa4 Rc7 44. b5 c2 45. Rc1 Rc3+ 46. Kb4 Rc8 47. Ra2
Bc3+ 48. Kb3 Bd4 49. Rcxc2 Rb8 50. Kb4 e5 51. Ra6 Kf8 52. Ka5 Kg7 53. Rc7 Be3
54. b6 Rd8 55. b7 Rd5+ 56. Kb4 Bd2+ 57. Kc4 Rd4+ 58. Kb3 Rb4+ 59. Kc2 Bf4 60.
Rd7 e4 61. Kc3 Rb1 62. fxe4 Be5+ 63. Kc4 h4 64. Ra5 Bg3 65. Rb5 Rc1+ 66. Kd5
Rd1+ 67. Kc6 Rc1+ 68. Rc5 Rb1 69. e5 Bf2 70. Rc2 Ba7 71. Kc7 g5 72. e6 Kf8 73.
exf7 Bb6+ 74. Kb8 1-0

[Event "25. Copenhagen Open  (Politiken Cup)"]
[Site "Copenhagen"]
[Date "2003.07.25"]
[Round "11"]
[White "Draeger, Michael"]
[Black "Jensen, Alexander Lindberg"]
[Result "1/2-1/2"]
[WhiteElo "1702"]
[BlackElo "1539"]
[PlyCount "59"]
[EventDate "2003.07.14"]
[EventType "swiss"]
[EventRounds "11"]
[EventCountry "DEN"]
[SourceDate "2004.01.01"]

1. e4 e5 2. Nf3 Nc6 3. d4 exd4 4. Bc4 d6 5. Nxd4 Ne5 6. Be2 Bd7 7. Nc3 g6 8.
O-O Bg7 9. Nd5 Nf6 10. Bg5 h6 11. Bxf6 Bxf6 12. f4 Nc6 13. Nxf6+ Qxf6 14. c3
O-O 15. Qd2 Rfe8 16. Bf3 a6 17. Rae1 Re7 18. e5 dxe5 19. fxe5 Qg7 20. Bd5 Nxd4
21. cxd4 c6 22. Bb3 Rae8 23. Qb4 Bc8 24. Rc1 Be6 25. Bxe6 fxe6 26. Rf6 Rf7 27.
Rcf1 Ref8 28. Rxf7 Rxf7 29. Rxf7 Qxf7 30. Qd6 1/2-1/2

[Event "25. Copenhagen Open  (Politiken Cup)"]
[Site "Copenhagen"]
[Date "2003.07.25"]
[Round "11"]
[White "Eddy, Samuel"]
[Black "Lilja, Richard"]
[Result "1-0"]
[WhiteElo "2055"]
[BlackElo "2137"]
[PlyCount "47"]
[EventDate "2003.07.14"]
[EventType "swiss"]
[EventRounds "11"]
[EventCountry "DEN"]
[SourceDate "2004.01.01"]

1. e4 c5 2. Nf3 d6 3. d4 cxd4 4. Nxd4 Nf6 5. Nc3 g6 6. Be3 Bg7 7. f3 O-O 8. Bc4
Nc6 9. Qd2 Bd7 10. O-O-O Qa5 11. g4 Rfc8 12. Bb3 Ne5 13. h4 b5 14. h5 Nc4 15.
Bxc4 Rxc4 16. hxg6 hxg6 17. Kb1 Rac8 18. Bh6 Nxe4 19. Qh2 Rxd4 20. Bxg7 Nxc3+
21. bxc3 Rxd1+ 22. Rxd1 Kxg7 23. Rh1 e5 24. g5 1-0

[Event "25. Copenhagen Open  (Politiken Cup)"]
[Site "Copenhagen"]
[Date "2003.07.25"]
[Round "11"]
[White "Edvardsen, Ingar"]
[Black "Nielsen, Palle"]
[Result "1/2-1/2"]
[WhiteElo "1156"]
[BlackElo "1650"]
[PlyCount "118"]
[EventDate "2003.07.14"]
[EventType "swiss"]
[EventRounds "11"]
[EventCountry "DEN"]
[SourceDate "2004.01.01"]

1. e4 e5 2. Nf3 Nc6 3. d4 d6 4. d5 Nce7 5. Bc4 g6 6. Nc3 Bg7 7. Be3 a6 8. Qd2
f5 9. Qe2 f4 10. Bd2 b5 11. Bb3 h6 12. h3 Nf6 13. a4 b4 14. Na2 a5 15. g3 fxg3
16. fxg3 O-O 17. O-O-O Kh7 18. g4 g5 19. Rdg1 Qe8 20. h4 Nxg4 21. hxg5 h5 22.
Ne1 Rf2 23. Qd1 Kg8 24. Nd3 Rh2 25. Rxh2 Nxh2 26. Rh1 Bg4 27. Qg1 Nf3 28. Qg2
Nxd2 29. Qxd2 Qg6 30. Re1 Qf7 31. Kb1 Ng6 32. Nac1 Nh4 33. Rh1 Nf3 34. Qe3 Qg6
35. Nf2 Qxg5 36. Nxg4 hxg4 37. Qxg5 Nxg5 38. Rh4 Nxe4 39. Rxg4 Nf6 40. Rc4 Ra7
41. Ne2 Kf8 42. Rc6 Ne4 43. Kc1 Bh6+ 44. Kd1 Nc5 45. Ng1 Ke7 46. Nf3 Kd7 47.
Nxe5+ Ke7 48. Nf3 Bg7 49. Kc1 Kd7 50. Ne1 Bh6+ 51. Kb1 Ra8 52. Nd3 Ne4 53. Ne5+
Kc8 54. Nf3 Kb7 55. Nd4 Re8 56. Bc4 Nc5 57. Nb3 Nxb3 58. Bxb3 Re5 59. Bc4 Be3
1/2-1/2

[Event "25. Copenhagen Open  (Politiken Cup)"]
[Site "Copenhagen"]
[Date "2003.07.25"]
[Round "11"]
[White "Edvardsen, Ragnar"]
[Black "Vik Hansen, Rune"]
[Result "1-0"]
[WhiteElo "2092"]
[BlackElo "1787"]
[PlyCount "55"]
[EventDate "2003.07.14"]
[EventType "swiss"]
[EventRounds "11"]
[EventCountry "DEN"]
[SourceDate "2004.01.01"]

1. d4 Nf6 2. c4 c5 3. d5 e6 4. Nc3 exd5 5. cxd5 d6 6. e4 g6 7. f4 Bg7 8. Nf3
O-O 9. Be2 Re8 10. Qc2 Na6 11. O-O Nc7 12. h3 b5 13. e5 dxe5 14. d6 Qxd6 15.
fxe5 Rxe5 16. Nxe5 Qd4+ 17. Kh2 Qxe5+ 18. Bf4 Qe7 19. Bf3 Bf5 20. Qf2 Rf8 21.
Rfe1 Ne6 22. Rad1 Ne8 23. Nxb5 g5 24. Bg3 a6 25. Nd6 Bg6 26. Nc8 Qf6 27. Be5
Qf5 28. Ne7+ 1-0

[Event "25. Copenhagen Open  (Politiken Cup)"]
[Site "Copenhagen"]
[Date "2003.07.25"]
[Round "11"]
[White "Eiholt, Bjarne"]
[Black "Larsson, Nicolai"]
[Result "1-0"]
[WhiteElo "1690"]
[BlackElo "1238"]
[PlyCount "27"]
[EventDate "2003.07.14"]
[EventType "swiss"]
[EventRounds "11"]
[EventCountry "DEN"]
[SourceDate "2004.01.01"]

1. d4 d5 2. c4 Nf6 3. Nc3 dxc4 4. Nf3 e6 5. e3 Bb4 6. Bxc4 Nd5 7. Bd2 Nxc3 8.
bxc3 Bd6 9. O-O c5 10. Qc2 b6 11. Qe4 Qc7 12. Qxa8 Nc6 13. Bb5 O-O 14. Qxc6 1-0

[Event "25. Copenhagen Open  (Politiken Cup)"]
[Site "Copenhagen"]
[Date "2003.07.25"]
[Round "11"]
[White "Fogh, Jens Olaf Svanholm"]
[Black "Lie, Terje"]
[Result "1-0"]
[WhiteElo "1568"]
[BlackElo "1000"]
[PlyCount "105"]
[EventDate "2003.07.14"]
[EventType "swiss"]
[EventRounds "11"]
[EventCountry "DEN"]
[SourceDate "2004.01.01"]

1. e4 d6 2. d4 Nf6 3. Nc3 g6 4. h3 Bg7 5. g3 O-O 6. Bg2 Nc6 7. Nge2 a6 8. a4 e5
9. Be3 Re8 10. O-O exd4 11. Nxd4 Bd7 12. g4 Ne5 13. f4 Nexg4 14. hxg4 Nxg4 15.
Bf2 h5 16. Qf3 c5 17. Nde2 Bc6 18. Qg3 Bf6 19. Be1 Bd4+ 20. Nxd4 cxd4 21. Nd5
Bxd5 22. exd5 Re3 23. Bf3 d3 24. Bf2 Nxf2 25. Qxf2 Qb6 26. Rae1 Rae8 27. cxd3
Qd4 28. Be4 Rg3+ 29. Kh2 Qxf2+ 30. Rxf2 Rxd3 31. Bxd3 Rxe1 32. Kg3 Kg7 33. Re2
Rxe2 34. Bxe2 a5 35. Bd3 Kf6 36. Kh4 Kg7 37. Kg5 f6+ 38. Kh4 Kh6 39. f5 g5+ 40.
Kg3 Kg7 41. Be2 h4+ 42. Kg4 Kf7 43. Kh5 Ke7 44. Bg4 Kf8 45. Kg6 Ke7 46. Kg7 b6
47. b3 Ke8 48. Kxf6 Kf8 49. Kxg5 Kg7 50. f6+ Kf8 51. Kg6 Kg8 52. f7+ Kf8 53.
Bh3 1-0

[Event "25. Copenhagen Open  (Politiken Cup)"]
[Site "Copenhagen"]
[Date "2003.07.25"]
[Round "11"]
[White "Frank Nielsen, Marie"]
[Black "Nhr, Finn"]
[Result "1/2-1/2"]
[WhiteElo "1629"]
[BlackElo "2136"]
[PlyCount "36"]
[EventDate "2003.07.14"]
[EventType "swiss"]
[EventRounds "11"]
[EventCountry "DEN"]
[SourceDate "2004.01.01"]

1. e4 e5 2. d4 exd4 3. Nf3 Nc6 4. Bc4 Nf6 5. O-O Nxe4 6. Re1 d5 7. Bxd5 Qxd5 8.
Nc3 Qh5 9. Nxe4 Be6 10. Bg5 h6 11. Bf6 Qg6 12. Bxd4 O-O-O 13. c3 Bg4 14. Qd3
Bxf3 15. Qxf3 Nxd4 16. cxd4 Rxd4 17. Rac1 Bb4 18. Nc3 a6 1/2-1/2

[Event "25. Copenhagen Open  (Politiken Cup)"]
[Site "Copenhagen"]
[Date "2003.07.25"]
[Round "11"]
[White "Greger, Roland Reinhard"]
[Black "Glud, Jakob Vang"]
[Result "0-1"]
[WhiteElo "2342"]
[BlackElo "2173"]
[PlyCount "84"]
[EventDate "2003.07.14"]
[EventType "swiss"]
[EventRounds "11"]
[EventCountry "DEN"]
[SourceDate "2004.01.01"]

1. e4 c5 2. Nf3 e6 3. d3 Nc6 4. g3 d5 5. Nbd2 Bd6 6. Bg2 Nge7 7. O-O O-O 8. Qe2
b5 9. Re1 a5 10. h4 Ba6 11. Nf1 b4 12. e5 Bc7 13. Bg5 c4 14. N1h2 h6 15. Bh3
cxd3 16. cxd3 hxg5 17. Nxg5 Nxe5 18. Rad1 g6 19. f4 Nxd3 20. Rxd3 Nf5 21. Qd2
Bb6+ 22. Kg2 Bxd3 23. Qxd3 Qc7 24. h5 Qc5 25. Bxf5 exf5 26. hxg6 fxg6 27. Ng4
Rae8 28. Rh1 Re7 29. Rh6 Rg7 30. Ne3 Qd4 31. Qb5 Qd2+ 32. Kh3 Bd8 33. Nf1 Qd1
34. Ne6 Be7 35. Nxf8 Bxf8 36. Kg2 Qc2+ 37. Kh3 Qc4 38. Qxc4 dxc4 39. Ne3 c3 40.
bxc3 bxc3 41. Kg2 Re7 42. Kf3 Bxh6 0-1

[Event "25. Copenhagen Open  (Politiken Cup)"]
[Site "Copenhagen"]
[Date "2003.07.25"]
[Round "11"]
[White "Gregusson, Magnus Albert"]
[Black "Cohen, Ronnie"]
[Result "0-1"]
[WhiteElo "1500"]
[BlackElo "1695"]
[PlyCount "58"]
[EventDate "2003.07.14"]
[EventType "swiss"]
[EventRounds "11"]
[EventCountry "DEN"]
[SourceDate "2004.01.01"]

1. b3 e5 2. Bb2 Nc6 3. Nf3 d6 4. e3 Be6 5. Be2 Be7 6. d3 f5 7. Nbd2 Nf6 8. Ng5
Qd7 9. Nxe6 Qxe6 10. O-O O-O 11. Nf3 Rad8 12. d4 exd4 13. exd4 d5 14. c4 Kh8
15. cxd5 Nxd5 16. Bc4 Qg6 17. Qc1 f4 18. Re1 Bb4 19. Re2 Nce7 20. Re5 c6 21.
Ba3 Qd6 22. Bxb4 Qxb4 23. Qe1 Qxe1+ 24. Raxe1 Ng6 25. Re6 Nc7 26. R6e2 Rde8 27.
Bd3 Rxe2 28. Rxe2 Re8 29. Bxg6 Rxe2 0-1

[Event "25. Copenhagen Open  (Politiken Cup)"]
[Site "Copenhagen"]
[Date "2003.07.25"]
[Round "11"]
[White "Grove, Peter"]
[Black "Hein, Jacob"]
[Result "0-1"]
[WhiteElo "1577"]
[BlackElo "1220"]
[PlyCount "58"]
[EventDate "2003.07.14"]
[EventType "swiss"]
[EventRounds "11"]
[EventCountry "DEN"]
[SourceDate "2004.01.01"]

1. e4 e5 2. Nc3 Nc6 3. f4 Nf6 4. fxe5 Nxe5 5. d4 Nc6 6. Nf3 Be7 7. e5 Ng4 8.
Bc4 O-O 9. h3 Bh4+ 10. Nxh4 Qxh4+ 11. Kd2 Nf2 12. Qf1 Qxd4+ 13. Bd3 Nxh1 14.
Qxh1 Qf2+ 15. Kd1 Nxe5 16. Ne4 Qd4 17. Qf1 Nxd3 18. cxd3 d5 19. Ng3 Bd7 20. Qf3
c5 21. Ne2 Ba4+ 22. Ke1 Rae8 23. Kf1 Qe5 24. Rb1 Bc6 25. Bf4 Qe6 26. Re1 d4 27.
Qg3 Qg6 28. Qxg6 fxg6 29. Kg1 Rxf4 0-1

[Event "25. Copenhagen Open  (Politiken Cup)"]
[Site "Copenhagen"]
[Date "2003.07.25"]
[Round "11"]
[White "Grubert, Christian"]
[Black "Christensen, Jan N"]
[Result "1-0"]
[WhiteElo "2168"]
[BlackElo "2053"]
[PlyCount "113"]
[EventDate "2003.07.14"]
[EventType "swiss"]
[EventRounds "11"]
[EventCountry "DEN"]
[SourceDate "2004.01.01"]

1. e4 e5 2. Nf3 Nc6 3. Bb5 Bc5 4. O-O Nd4 5. Nxd4 Bxd4 6. c3 Bb6 7. d4 c6 8.
Ba4 d6 9. Be3 Nf6 10. f3 h6 11. Nd2 Be6 12. Qe2 O-O 13. Nc4 Bc7 14. Bb3 b5 15.
Nd2 exd4 16. cxd4 Bb6 17. g4 Bxb3 18. Nxb3 Nd7 19. Kh1 Re8 20. Rg1 d5 21. e5 f6
22. f4 fxe5 23. dxe5 Re6 24. g5 Qe8 25. Bxb6 axb6 26. Nd4 Rg6 27. gxh6 Rxh6 28.
Qg4 Rh7 29. Nxc6 Ra4 30. Rad1 Nc5 31. Qc8 Qxc8 32. Ne7+ Kf8 33. Nxc8 Rxa2 34.
Nxb6 Rxb2 35. Rg2 Rb4 36. Nxd5 Rc4 37. f5 Rh5 38. Rf1 Nd7 39. Nf4 Rh7 40. Ne6+
Ke7 41. Ng5 Rhh4 42. f6+ gxf6 43. exf6+ Kf8 44. Rd2 Nxf6 45. Rxf6+ Kg7 46. Rf1
b4 47. Ne6+ Kg6 48. Rg2+ Rhg4 49. Rxg4+ Rxg4 50. Rg1 Rxg1+ 51. Kxg1 b3 52. Nf4+
Kf5 53. Nd3 Kg4 54. Kg2 Kh4 55. h3 Kh5 56. Kg3 Kg5 57. h4+ 1-0

[Event "25. Copenhagen Open  (Politiken Cup)"]
[Site "Copenhagen"]
[Date "2003.07.25"]
[Round "11"]
[White "Hagesaether, Arne"]
[Black "Rasmussen, Henning"]
[Result "1-0"]
[WhiteElo "2088"]
[BlackElo "1816"]
[PlyCount "61"]
[EventDate "2003.07.14"]
[EventType "swiss"]
[EventRounds "11"]
[EventCountry "DEN"]
[SourceDate "2004.01.01"]

1. e4 e6 2. d4 d5 3. Nc3 Nf6 4. e5 Nfd7 5. Nf3 c5 6. Nb5 Nc6 7. c3 cxd4 8. cxd4
a6 9. Nc3 f6 10. Bd3 fxe5 11. Nxe5 Nf6 12. Bg5 Bd6 13. Nxc6 bxc6 14. Qc2 Qc7
15. g3 e5 16. dxe5 Bxe5 17. O-O-O O-O 18. Rhe1 Bd6 19. f3 a5 20. Kb1 a4 21. g4
a3 22. b3 Ba6 23. Bf5 g6 24. Be6+ Kg7 25. h4 Bf4 26. Na4 h6 27. Bxf4 Qxf4 28.
g5 Ng8 29. Bxg8 Rxg8 30. Qc3+ d4 31. Rxd4 1-0

[Event "25. Copenhagen Open  (Politiken Cup)"]
[Site "Copenhagen"]
[Date "2003.07.25"]
[Round "11"]
[White "Hagesaether, Torill"]
[Black "Lauritsen, Martin Lee"]
[Result "1/2-1/2"]
[WhiteElo "2051"]
[BlackElo "1687"]
[PlyCount "83"]
[EventDate "2003.07.14"]
[EventType "swiss"]
[EventRounds "11"]
[EventCountry "DEN"]
[SourceDate "2004.01.01"]

1. e4 c5 2. c3 d5 3. exd5 Qxd5 4. d4 Nc6 5. Nf3 cxd4 6. cxd4 e6 7. Be2 Nf6 8.
O-O Be7 9. Nc3 Qd8 10. Be3 O-O 11. a3 a6 12. Qc2 Bd6 13. Rfd1 Bd7 14. Bd3 h6
15. h3 Ne7 16. Ne4 Nxe4 17. Bxe4 Bc6 18. Bxc6 Nxc6 19. Qe4 Qc7 20. Rac1 Rad8
21. Qg4 Kh8 22. d5 exd5 23. Qh5 Bf4 24. Rxd5 Rxd5 25. Qxd5 Bxe3 26. fxe3 Qb6
27. Qd2 Re8 28. Nd4 Nxd4 29. Qxd4 Qg6 30. Rc7 b5 31. b4 Qg3 32. Rc3 Qg5 33. Qf4
Qxf4 34. exf4 Re1+ 35. Kf2 Ra1 36. Ke3 Kh7 37. f5 h5 38. Kf4 f6 39. g4 hxg4 40.
hxg4 Rf1+ 41. Rf3 Rxf3+ 42. Kxf3 1/2-1/2